000 00976nam a22002290a 4500
001 PT36142
003 AR-LpoUNG
005 20230307152413.0
007 kk |||
040 _aAR-LpoUNG
_bspa
_cAR-LpoUNG
_eaacr
082 0 _a982.065 687arg
245 0 0 _aAgentina letter from a hostage [afiche]
260 _c1978.
300 _a1 lám. : col. : 53 x 68 cm.
500 _aEl afiche pertenece a la colección de Derechos Humanos del Sr. Carlos Martinez Vidal. El item se encuentra enmarcado y en el mismo se puede leer: "Argentina letter from a hostage. - To my friend fellow artist M. who experienced these horrors. - Respect pour l'homme, respect pour l'homme. - André Gide : Lettres à un otage". - "Argentina. Carta de un detenido a mi amigo. Para mi amigo y compañero artista M. quien experimentó estos horrores."
650 4 _aARGENTINA
650 4 _aDERECHOS HUMANOS
650 4 _aDICTADURA
650 4 _aHISTORIA POLITICA
905 _a36142
942 _cAFICHE
999 _c63870
_d63870